Capitales (países, estados no reconocidos, micronaciones...) - Estadísticas

Estadísticas generales
  • Esta prueba ha sido intentada 57 veces
  • La puntuación promedio es 133 de 244
Estadísticas de respuestas
País Capital % Correcto
Andorra Andorra la Vieja
94%
Albania Tirana
94%
Alemania Berlín
90%
Argentina Buenos Aires
90%
Afganistán Kabul
90%
Austria Viena
87%
Brasil Brasilia
84%
Canadá Ottawa
84%
Costa Rica San José
84%
Bulgaria Sofía
84%
Bolivia Sucre / La Paz
84%
Colombia Bogotá
81%
Bélgica Bruselas
81%
Australia Canberra
81%
España Madrid
81%
Bielorrusia Minsk
81%
Haití Puerto Príncipe
81%
Chile Santiago de Chile
81%
Bosnia y Herzegovina Sarajevo
81%
Argelia Argel
77%
Grecia Atenas
77%
México Ciudad de México
77%
Israel Jerusalén / Tel Aviv
77%
Cuba La Habana
77%
Perú Lima
77%
Francia París
77%
China Pekín
77%
República Checa Praga
77%
Corea del Sur Seúl
77%
Croacia Zagreb
77%
Paraguay Asunción
74%
Azerbaiyán Bakú
74%
Rumanía Bucarest
74%
Venezuela Caracas
74%
Moldavia Chisináu
74%
Jamaica Kingston
74%
Portugal Lisboa
74%
Inglaterra | Reino Unido Londres
74%
Angola Luanda
74%
Chipre Nicosia
74%
Isla Pedro I | Noruega | Tierra de la Reina Maud Oslo
74%
Ecuador Quito
74%
Arabia Saudí Riad
74%
Italia Roma
74%
El Salvador San Salvador
74%
República Dominicana Santo Domingo
74%
Honduras Tegucigalpa / Comayagüela
74%
Japón Tokio
74%
Países Bajos Ámsterdam / La Haya
71%
Serbia Belgrado
71%
Hungría Budapest
71%
Panamá Ciudad de Panamá
71%
Senegal Dakar
71%
Irlanda Dublín
71%
Egipto El Cairo
71%
Armenia Ereván
71%
Finlandia Helsinki
71%
Malta La Valeta
71%
Rusia Moscú
71%
India Nueva Delhi
71%
Letonia Riga
71%
Estonia Tallín
71%
Polonia Varsovia
71%
Emiratos Árabes Unidos Abu Dabi
68%
Belice Belmopán
68%
Suiza Berna
68%
Guatemala Ciudad de Guatemala
68%
Dinamarca Copenhague
68%
Suecia Estocolmo
68%
Eslovenia Liubliana
68%
Filipinas Manila
68%
Uruguay Montevideo
68%
Kenia Nairobi
68%
Montenegro Podgorica
68%
Trinidad y Tobago Puerto España
68%
Islandia Reikiavik
68%
Estados Unidos Washington D.C.
68%
Turquía Ankara
65%
Líbano Beirut
65%
Guinea-Bisáu Bisáu
65%
Eslovaquia Bratislava
65%
Ciudad del Vaticano Ciudad del Vaticano
65%
Ucrania Kiev
65%
Malasia Kuala Lumpur / Putrajaya
65%
Nicaragua Managua
65%
Bahamas Nasáu
65%
Corea del Norte Pionyang
65%
Cabo Verde Praia
65%
Sudáfrica Pretoria / Bloemfontein / Ciudad del Cabo
65%
Marruecos Rabat
65%
Antigua y Barbuda Saint John
65%
Irán Teherán
65%
Georgia Tiflis
65%
Mongolia Ulán Bator
65%
Liechtenstein Vaduz
65%
Lituania Vilna
65%
Nueva Zelanda Wellington
65%
Ghana Acra
61%
Kazajistán Astaná
61%
Irak Bagdad
61%
San Cristóbal y Nieves Basseterre
61%
Congo Brazzaville
61%
Bangladés Daca
61%
Siria Damasco
61%
Catar Doha
61%
Guyana Georgetown
61%
Islas Caimán George Town
61%
Pakistán Islamabad
61%
Granada Saint George
61%
Puerto Rico San Juan
61%
Fiyi Suva
61%
Jordania Amán
58%
Madagascar Antananarivo
58%
Eritrea Asmara
58%
Escocia Edimburgo
58%
Vietnam Hanói
58%
Nepal Katmandú
58%
Gabón Libreville
58%
Guinea Ecuatorial Malabo
58%
Maldivas Malé
58%
Baréin Manama
58%
Mozambique Maputo
58%
Omán Mascate
58%
Camboya Nom Pen
58%
Surinam Paramaribo
58%
Benín Porto Novo / Cotonú
58%
Kosovo Pristina
58%
Yemen Saná
58%
Macedonia del Norte Skopie
58%
Taiwán Taipéi
58%
Bután Timbu
58%
Etiopía Adís Abeba
55%
Mali Bamako
55%
Tailandia Bangkok
55%
Barbados Bridgetown
55%
Gales Cardiff
55%
Santa Lucía Castries
55%
Luxemburgo Ciudad de Luxemburgo
55%
Guinea Conakri
55%
República Democrática del Congo Kinsasa
55%
Micronesia Palikir
55%
Dominica Roseau
55%
Libia Trípoli
55%
Indonesia Yakarta
55%
Camerún Yaundé
55%
Samoa Apia
52%
República Centroafricana Bangui
52%
Gambia Banjul
52%
Irlanda del Norte Belfast
52%
Kirguistán Biskek
52%
Kuwait Ciudad de Kuwait
52%
Burundi Gitega / Bujumbura
52%
Sudán Jartum
52%
Ruanda Kigali
52%
Togo Lomé
52%
Islas Marshall Majuro
52%
Liberia Monrovia
52%
Mauritania Nuakchot
52%
Groenlandia Nuuk
52%
Seychelles Victoria
52%
Laos Vientián
52%
Chad Yamena
52%
Costa de Marfil Yamusukro
52%
Nauru Yaren
52%
Nigeria Abuya
48%
San Marino Ciudad de San Marino
48%
Singapur Ciudad de Singapur
48%
Tuvalu Funafuti
48%
Botsuana Gaborone
48%
Palestina Jerusalén Este / Ramala
48%
Uganda Kampala
48%
San Vicente y las Granadinas Kingstown
48%
Zambia Lusaka
48%
Somalia Mogadiscio
48%
Comoras Moroni
48%
Vanuatu Port Vila
48%
Uzbekistán Taskent
48%
Burkina Faso Uagadugú
48%
Brunéi Bandar Seri Begawan
45%
Yibuti Ciudad de Yibuti
45%
Timor Oriental Dili
45%
Tanzania Dodoma
45%
Sierra Leona Freetown
45%
Islas Salomón Honiara
45%
Malaui Lilongüe
45%
Lesoto Maseru
45%
Suazilandia / Esuatini Mbabane / Lobamba
45%
Palaos Ngerulmud
45%
Níger Niamey
45%
Tonga Nukualofa
45%
Mauricio Port Louis
45%
Papúa Nueva Guinea Puerto Moresby
45%
Santo Tomé y Príncipe Santo Tomé
45%
Sri Lanka Sri Jayawardenapura Kotte / Colombo
45%
Namibia Windhoek
45%
Túnez Ciudad de Túnez
42%
Tayikistán Dusambé
42%
Zimbabue Harare
42%
Sudán del Sur Juba
42%
Birmania / Myanmar Naipyidó
42%
Kiribati Tarawa Sur
42%
Turkmenistán Asjabad
39%
Gibraltar Gibraltar
39%
Sáhara Occidental El Aaiún / Tifariti
26%
Polinesia Francesa Papeete
26%
Transnistria Tiraspol
26%
Isla de Man Douglas
19%
Bermudas Hamilton
19%
Chipre del Norte Nicosia del Norte
19%
Niue Alofi
16%
Aruba Oranjestad
16%
Islas Feroe Tórshavn
16%
Anguila El Valle
13%
Somalilandia Hargeisa
13%
Santa Elena, Ascensión y Tristán de Acuña Jamestown
13%
Mónaco Mónaco-Ville
13%
Bailía de Guernsey Saint Peter Port
13%
Islas Marianas del Norte Saipán
13%
Antártida Argentina Ushuaia
13%
Curazao Willemstad
13%
Islas Pitcairn Adamstown
10%
Islas Vírgenes de los Estados Unidos Charlotte Amalie
10%
Tokelau Nukunonu
10%
Nueva Caledonia Numea
10%
Samoa Americana Pago Pago
10%
Islas Vírgenes Británicas Road Town
10%
Guam Agaña
6%
Islas Cook Avarua
6%
Montserrat Brades
6%
Islas Turcas y Caicos Cockburn Town
6%
Orden de Malta Palacio Magistral
6%
San Martín Philipsburg
6%
Bailía de Jersey Saint Helier
6%
Islas Malvinas e Islas Georgias del Sur y Sándwich del Sur Stanley
6%
Abjasia Sujumi
6%
Territorio Antártico Australiano Base Davis
3%
Territorio Antártico Británico Base Rothera
3%
Dependencia Ross Base Scott
3%
Osetia del Sur Tsjinvali
3%
Territorio Chileno Antártico Puerto Williams
0%
Tierra Adelia Saint-Pierre
0%
No se encontraron pruebas coincidentes
Distribución de puntuación
Porcentaje de gente con cada puntuación
Porcentaje por número respondido
Historial de tus puntuaciones
No has intentado esta prueba.